|
|
|
|
| LEADER |
00000 a2200000 4500 |
| 001 |
RU/ROS-EDU.RU/84961 |
| 856 |
4 |
|
|u https://www.ros-edu.ru/book?id=84961
|z Перейти к просмотру издания
|
| 010 |
|
|
|a 978-5-521-05130-4
|
| 100 |
|
|
|a 20170101d2017 |||y0rusy0250
|
| 105 |
|
|
|a y z 000zy
|
| 101 |
0 |
|
|a rus
|
| 102 |
|
|
|a RU
|
| 200 |
1 |
|
|a The Wind in the Willows
|b Электронный ресурс
|f K. Grahame
|
| 700 |
|
1 |
|b K.
|a Grahame
|4 070
|
| 330 |
|
|
|a Эта замечательная повесть Кеннета Грэма не только принесла писателю заслуженную славу, но и полюбилась детям и взрослым всего мира. Автор удивительно реалистично воссоздаёт картину нравов английского общества конца XIX - начала XX вв. в сказочных приключениях дядюшки Водяного Крыса, мистера Барсука, мистера Крота и мистера Жабба, которые живут в удивительном мире, где ведут образ жизни, почти неотличимый от людского: ездят на автомобилях, обустраивают дома, поют рождественские песни... Читайте зарубежную литературу в оригинале!
|
| 210 |
|
|
|a Москва
|c T8RUGRAM
|d 2017
|
| 610 |
1 |
|
|a художественная литература
|
| 610 |
1 |
|
|a английский язык
|
| 610 |
1 |
|
|a зарубежная проза
|
| 610 |
1 |
|
|a классика
|
| 610 |
1 |
|
|a повесть
|
| 610 |
1 |
|
|a сказка
|
| 610 |
1 |
|
|a детская литература
|
| 675 |
|
|
|a 82
|
| 686 |
|
|
|a 84
|2 rubbk
|
| 300 |
|
|
|a Книга находится в премиум-версии платформы «Русский как иностранный».
|
| 215 |
|
|
|a 256 с.
|